| 000 | 01035nam a22002777a 4500 | ||
|---|---|---|---|
| 005 | 20240530110354.0 | ||
| 008 | 150104s2010 ua d g b 000 0 ara d | ||
| 017 |
_a2010/1936 _bمصر . دار الكتب المصرية |
||
| 020 | _a9772327643 | ||
| 040 | _aEG-CaGPL | ||
| 041 | 0 | _aara | |
| 082 | 0 | 4 |
_221 _a370.152\ _bم ت |
| 100 | 0 | _aمجدى عزيز ابراهيم | |
| 245 | 1 | 2 |
_aالتفكير الناقد : _bالية لازمة لمواجهة قضايا التعليم والتعلم / _cمجدى عزيز ابراهيم |
| 250 | _aط1 | ||
| 260 |
_aالقاهرة : _bعالم الكتب ، _c2010 |
||
| 300 |
_a358 ص : _bايض ؛ _c24 سم |
||
| 490 |
_aسلسلة التعليم و التعلم و التفكير ، _v10 |
||
| 504 | _aببليوجرافية : ص 351 - 358 | ||
| 650 | 0 | 4 | _aالتفكير |
| 650 | 0 | 4 | _aالتفكير الناقد |
| 650 | 0 | 4 | _aالقدرة العقلية |
| 650 | 0 | 4 | _aعلم النفس التربوى |
| 942 |
_2ddc _cBK |
||
| 999 |
_c60137 _d60137 |
||